| 000 -LEADER |
| fixed length control field |
01118pab a2200157 454500 |
| 008 - FIXED-LENGTH DATA ELEMENTS--GENERAL INFORMATION |
| fixed length control field |
180718b2013 xxu||||| |||| 00| 0 eng d |
| 100 ## - MAIN ENTRY--PERSONAL NAME |
| Personal name |
Aikins, Stephen Kwamena |
| 245 ## - TITLE STATEMENT |
| Title |
Government internal audits: the determinants of quality supervisory review of audit documentation |
| 260 ## - PUBLICATION, DISTRIBUTION, ETC. |
| Date of publication, distribution, etc. |
2013 |
| 300 ## - PHYSICAL DESCRIPTION |
| Extent |
p.673-685. |
| 520 ## - SUMMARY, ETC. |
| Summary, etc. |
This study investigates the factors that impact the quality of government internal audit workpaper review. Numerous concerns have been expressed about the quality of government audits in recent years. The audit workpaper review helps to ensure public officials rely on accurate audit reports and recommendations. A survey was sent to local government chief auditors in the United States to learn about their audit and audit review processes. Survey analysis reveals the quality of audit workpaper review is a function of auditor training, audit client cooperation, audit departments' budget size, auditor consulting engagements with the clients, etc. - Reproduced. |
| 650 ## - SUBJECT ADDED ENTRY--TOPICAL TERM |
| Topical term or geographic name entry element |
Audit |
| 773 ## - HOST ITEM ENTRY |
| Main entry heading |
International Journal of Public Administration |
| 908 ## - PUT COMMAND PARAMETER (RLIN) |
| Put command parameter |
N |
| 909 ## - |
| -- |
103444 |